000 00262nam a22001097a 4500
008 170116b xxu||||| |||| 00| 0 eng d
020 _a9781565335226
041 _aeng
080 _28TH
_a618.2
245 _aPN NURSING CARE OF CHILDREN
_cKNIPPA, A
942 _2udc
_cBK
999 _c2910
_d2910